Vulture conservation at northeastern cambodia, siem pang district, stung treng provine, ការអភិរក្សសត្វត្មាតនៅភូមិភាគឦសាននៃប្រទេសកម្ពុជា ក្នុងស្រុកសៀមប៉ាង ខេត្តស្ទឹងត្រែង (Record no. 3403)

000 -LEADER
fixed length control field 00683nam a22001337a 4500
040 ## - CATALOGING SOURCE
Transcribing agency RUA
082 ## - DEWEY DECIMAL CLASSIFICATION NUMBER
Classification number FOR CHE 2009 B138 Or.1
100 ## - MAIN ENTRY--AUTHOR NAME
Personal name CHEAT, VICHET.
245 ## - TITLE STATEMENT
Title Vulture conservation at northeastern cambodia, siem pang district, stung treng provine, ការអភិរក្សសត្វត្មាតនៅភូមិភាគឦសាននៃប្រទេសកម្ពុជា ក្នុងស្រុកសៀមប៉ាង ខេត្តស្ទឹងត្រែង
260 ## - PUBLICATION, DISTRIBUTION, ETC. (IMPRINT)
Place of publication Phnom Penh
Name of publisher RUA
Year of publication 2009
300 ## - PHYSICAL DESCRIPTION
Number of Pages xiv; 64p.
Other physical details ill.
Dimensions 29cm.
856 ## - ELECTRONIC LOCATION AND ACCESS
Uniform Resource Identifier https://drive.google.com/file/d/16qir9VO2PKMG-KCRoFRPRs6QXvTKVuYE/view?usp=sharing
942 ## - ADDED ENTRY ELEMENTS (KOHA)
Koha item type FOR
952 ## - LOCATION AND ITEM INFORMATION (KOHA)
Withdrawn status [LOCAL, KOHA] 0
952 ## - LOCATION AND ITEM INFORMATION (KOHA)
Withdrawn status [LOCAL, KOHA] 0
952 ## - LOCATION AND ITEM INFORMATION (KOHA)
Withdrawn status [LOCAL, KOHA] 0
952 ## - LOCATION AND ITEM INFORMATION (KOHA)
Withdrawn status [LOCAL, KOHA] 0
952 ## - LOCATION AND ITEM INFORMATION (KOHA)
Withdrawn status [LOCAL, KOHA] 0
952 ## - LOCATION AND ITEM INFORMATION (KOHA)
Withdrawn status [LOCAL, KOHA] 0
952 ## - LOCATION AND ITEM INFORMATION (KOHA)
Withdrawn status [LOCAL, KOHA] 0
952 ## - LOCATION AND ITEM INFORMATION (KOHA)
Withdrawn status [LOCAL, KOHA] 0
952 ## - LOCATION AND ITEM INFORMATION (KOHA)
Withdrawn status [LOCAL, KOHA] 0
Holdings
Permanent Location Date acquired Koha item type Lost status Shelving location Barcode Current Location Full call number
Library Block B2015-11-13FOR B138RUA026142Library Block BFOR CHE 2009 B138 Or.1
Library Block B2015-11-13FOR B138RUA026214Library Block BFOR CHE 2009 B138 Or.2
Library Block B2015-11-13FOR B138RUA026286Library Block BFOR CHE 2009 B138 Or.3
Library Block B2015-11-13FOR B138RUA026358Library Block BFOR CHE 2009 B138 Or.4
Library Block B2015-11-13FOR B138RUA026423Library Block BFOR CHE 2009 B138 Or.5
Library Block B2015-11-13FOR B138RUA026495Library Block BFOR CHE 2009 B138 Or.6
Library Block B2015-11-13FOR B138RUA026421Library Block BFOR CHE 2009 B138 Or.7
Library Block B2015-11-13FOR B138RUA026493Library Block BFOR CHE 2009 B138 Or.8
Library Block B2016-02-03FOR  RUA026067Library Block BFOR CHE 2009 B138 Or.8
មជ្ឈមណ្ឌលឯការនៃសាកលវិទ្យាល័យភូមិន្ទកសិកម្មចំការដូង

Powered by Koha